| 000 | 00422nam a2200109Ia 4500 | ||
|---|---|---|---|
| 008 | 220512s9999 xx 000 0 eng d | ||
| 100 | _aRamaswamy, K V | ||
| 245 | 0 |
_aSize-development labour regulations and threshold effects: the case of contract-worker intensity in Indian manufacturing / _cRamaswamy, K V |
|
| 260 |
_aMumbai : _bIndira Gandhi Institute of Development Research, _cJul-13 |
||
| 546 | _aEnglish | ||
| 942 | _cPR | ||
| 999 |
_c36823 _d36823 |
||